000 00356nam a2200145Ia 4500
008 230917s9999||||xx |||||||||||||| ||und||
040 _e129259
_aMAIN
041 _aEnglish
082 _a780.954 S64I
100 _aSingh, Thakur Jaideva
245 0 _aIndian music
260 _aCalcutta
_bSangeet Research Academy
_c1995
300 _a536 p.
942 _cBK
999 _c95003
_d95003